| 000 | 00470cam a2200181ua 4500 | ||
|---|---|---|---|
| 020 | _c2.00 | ||
| 041 |
_amal _h |
||
| 082 |
_a894.812 803 55 _bSIV/AM |
||
| 100 | _aSivasankara Pillai, Thakazhi. | ||
| 245 |
_aAmerican thiraseela / _cThakazhi Sivasankara Pillai. _hTextual Documents |
||
| 250 |
_a1 / _b. |
||
| 260 |
_aThrissur : _bThe Mangalodayam Pvt Ltd , _c1966. |
||
| 300 | _a83 ; . | ||
| 365 | _a2.00 | ||
| 504 | _a | ||
| 942 | _cBK | ||
| 999 |
_c6648 _d6648 |
||